Before you build: what a client needs to know about the construction industry (Record no. 87102)

MARC details
000 -LEADER
fixed length control field 00566cam a2200193 4500
008 - FIXED-LENGTH DATA ELEMENTS--GENERAL INFORMATION
fixed length control field 090401t1974 xxu||||| |||| 00| 0 eng d
020 ## - INTERNATIONAL STANDARD BOOK NUMBER
International Standard Book Number 0117005398
035 ## - SYSTEM CONTROL NUMBER
System control number (Sirsi) u13482
041 ## - LANGUAGE CODE
Language code of text/sound track or separate title eng
050 ## - LIBRARY OF CONGRESS CALL NUMBER
Classification number 690
110 ## - MAIN ENTRY--CORPORATE NAME
Corporate name or jurisdiction name as entry element Economic Development Committee for Building
9 (RLIN) 50
245 ## - TITLE STATEMENT
Title Before you build: what a client needs to know about the construction industry
260 ## - PUBLICATION, DISTRIBUTION, ETC.
Place of publication, distribution, etc. London
Name of publisher, distributor, etc. HMSO
Date of publication, distribution, etc. 1974
300 ## - PHYSICAL DESCRIPTION
Extent 45p. ill. 30cm.
350 ## - PRICE (NR) (BK AM CF MU VM SE) [OBSOLETE]
Price 1
520 ## - SUMMARY, ETC.
Summary, etc. Published for the National Economic Development Office.
942 ## - ADDED ENTRY ELEMENTS (KOHA)
Suppress in OPAC 0
948 ## - LOCAL PROCESSING INFORMATION (OCLC); SERIES PART DESIGNATOR (RLIN)
c (OCLC) 04/03/1997
Holdings
Withdrawn status Lost status Source of classification or shelving scheme Damaged status Not for loan Home library Current library Shelving location Date acquired Cost, normal purchase price Total Checkouts Full call number Barcode Date last seen Date last checked out Copy number Cost, replacement price Price effective from Koha item type
    Dewey Decimal Classification     London London Basement 14/09/1999 1.00 1 BASEMENT 30007111 06/08/2019 15/01/2003 1 1.00 06/08/2019 Book